| 000 | 00536nam a2200181Ia 4500 | ||
|---|---|---|---|
| 008 | 240729s9999 xx 000 0 und d | ||
| 022 | _a2211-7946 | ||
| 245 | 0 | _aInternational Journal of Networked and Distributed Computing (IJNDC) | |
| 260 | _aSwitzerland | ||
| 260 | _bSpringer | ||
| 650 | _a Electronic computers. Computer science | ||
| 650 | _a Instruments and machines | ||
| 650 | _a Mathematics | ||
| 650 | _aScience | ||
| 856 | _uhttps://doaj.org/toc/d27c419fdfad4dbbb544ba0c67994fc0 | ||
| 942 | _2ddc | ||
| 942 | _cDOAJEJ | ||
| 999 |
_c73999 _d73999 |
||
| 945 |
_a1 _bMadushi Gamage _c1 _dMadushi Gamage |
||